| Registos Bibliográficos associados ao registo de autoridade |
|
Etiqueta de registo: 00000nam 2200025 450 001 2276570 003 http://id.bnportugal.gov.pt/bib/catbnp/2276570 010 ## $a978-989-33-1125-7 021 ## $aPT$b475783/20 100 ## $a20260305d2020 m y0pory01030103ba 101 0# $apor 102 ## $aPT 105 ## $aa z 000yy 106 ## $ar 200 1# $aSantarém, rumo e itinerário histórico, 150 anos de cidade$fcoord. ed. e científica Jorge Custódio, Joaquim Duarte$gtextos António Leal Lopes... [et al.] 210 #9 $aSantarém$cAssociação Mais Santarém,$d2020 215 ## $a407, [1] p.$cil.$d25 cm 316 ## $aDedicatória do coord.$5PTBN: H.G. 89111 V. 675 ## $a94(469.421)$vBN$zpor$3923978 701 #1 $aLopes,$bAntónio Leal,$f1948-$4070$31995030 702 #1 $aCustódio,$bJorge,$f1947-$4695$332425 702 #1 $93$aDuarte,$bJoaquim$4695$31995032 801 #0 $aPT$bBN$gRPC 966 ## $lBN$mFGMON$pARAG$sH.G. 89111 V.$x3 971 ## $cssilva$d20260408 972 ## $e0$z0$d20260415$vasantos 973 ## $ctrodrigues$d20260410
|
|
|